000 00836nam a22001817a 4500
999 _c371952
_d371952
008 201127b ||||| |||| 00| 0 eng d
040 _aDE-2950
_bger
_cDE-2950
_erda
041 _ager
245 _aTut die Stadt genug für den Klimaschutz?
_bKommunalpolitik. Die Sprecherin des Kreisverbandes der Bündnisgrünen in Frankfurt (Oder) wirft André Benedict Prusa Versäumnisse im Bereich Klima- und Umweltschutz vor. Der für den Bereich zuständige Dezernent widerspricht entschieden/
_cThomas Gutke
264 _c2022
653 _aFrankfurt (Oder)
653 _aUmweltschutz
773 _dFrankfurt (Oder) Märkisches Verlags- und Druckhaus GmbH & Co KG
_tMärkische Oderzeitung
_g33. Jahrgang (2022) Nr. 273 vom 23.11.2022, S. 15: Foto.
942 _cA